Alinsan Wal Imaan (Record no. 8911)
[ view plain ]
| 000 -LEADER | |
|---|---|
| fixed length control field | 00572nam a2200241 a 4500 |
| 020 ## - INTERNATIONAL STANDARD BOOK NUMBER | |
| ISBN | |
| 082 00 - DEWEY DECIMAL CLASSIFICATION NUMBER | |
| Classification number | 297.82 |
| Author Cutter | MUT |
| 100 ## - MAIN ENTRY--AUTHOR NAME | |
| Author name | Muttahari, Murtaza |
| 245 ## - TITLE STATEMENT | |
| Title | Alinsan Wal Imaan |
| 260 ## - PUBLICATION, DISTRIBUTION, ETC. (IMPRINT) | |
| Place of publication | Tehran |
| Name of publisher | Maktaba Islamia Kubra |
| Year of publication | 0000 |
| 300 ## - PHYSICAL DESCRIPTION | |
| Number of Pages | 68p |
| 500 ## - GENERAL NOTE | |
| General note | includes index and biblioraphy |
| 505 2# - FORMATTED CONTENTS NOTE | |
| Formatted contents note | Index |
| 650 ## - SUBJECT ADDED ENTRY--TOPICAL TERM | |
| Topical Term | Shiah-Doctrines |
| 942 ## - ADDED ENTRY ELEMENTS (KOHA) | |
| Koha item type | Books |
| 700 1# - | |
| -- | Muttahari, Murtaza |
| Collection code | Home library | Current library | Date acquired | Cost, normal purchase price | Full call number | Accession Number | Koha item type |
|---|---|---|---|---|---|---|---|
| Henry Martyn Institute Library | Henry Martyn Institute Library | 06/28/2007 | 100.00 | 297.82 MUT | 013306 | Books |
